[Event "FIDE Disabled Cup"]
[Site "Ankara"]
[Date "2019.12.13"]
[Round "5.1"]
[White "Draghici Flutur, Gavril"]
[Black "Zabeib, Mohamed"]
[Result "1/2-1/2"]
[WhiteElo "2131"]
[BlackElo "2115"]
[PlyCount "81"]
[EventDate "2019.12.09"]
[EventType "team-tourn"]
[EventRounds "5"]
[EventCountry "TUR"]
[SourceTitle "CBM 193 Extra"]
[Source "ChessBase"]
[SourceDate "2020.01.31"]
[SourceVersion "1"]
[SourceVersionDate "2020.01.31"]
[SourceQuality "1"]
[WhiteTeam "Europe"]
[BlackTeam "Africa"]

1. e4 c6 2. d4 d5 3. e5 Bf5 4. h4 h6 5. g4 Bc8 6. Nd2 e6 7. Nb3 Nd7 8. Be3 Qc7 9. f4 c5 10. dxc5 Nxc5 11. Nxc5 Bxc5 12. Bb5+ Bd7 13. Bxd7+ Kxd7 14. Bxc5 Qxc5 15. Qd2 h5 16. g5 Ne7 17. 0-0-0 Rhc8 18. Rh3 a5 19. Ne2 g6 20. Nd4 Nc6 21. Nb3 Qb6 22. Kb1 a4 23. Nc1 Na5 24. f5 gxf5 25. g6 Nc4 26. Qc3 a3 27. b3 fxg6 28. Qg3 Rg8 29. Qf4 Rac8 30. Rg3 Kc7 31. Rdg1 Kb8 32. Nd3 Na5 33. Rxg6 Qxg1+ 34. Rxg1 Rxg1+ 35. Nc1 Rg2 36. Qb4 Rgxc2 37. Nd3 R2c3 38. Qxa5 Rxd3 39. Qxa3 Rd1+ 40. Kb2 Rd2+ 41. Kb1 1/2-1/2

[Event "FIDE Disabled Cup"]
[Site "Ankara"]
[Date "2019.12.09"]
[Round "1.2"]
[White "Zabeib, Mohamed"]
[Black "Bairamov, Ata"]
[Result "1-0"]
[WhiteElo "2115"]
[BlackElo "1925"]
[PlyCount "61"]
[EventDate "2019.12.09"]
[EventType "team-tourn"]
[EventRounds "5"]
[EventCountry "TUR"]
[SourceTitle "CBM 193 Extra"]
[Source "ChessBase"]
[SourceDate "2020.01.31"]
[SourceVersion "1"]
[SourceVersionDate "2020.01.31"]
[SourceQuality "1"]
[WhiteTeam "Africa"]
[BlackTeam "Asia"]

1. e4 d6 2. d4 g6 3. c4 Bg7 4. Nc3 Nf6 5. Nf3 0-0 6. Be2 e5 7. 0-0 Nbd7 8. Be3 Re8 9. d5 Nf8 10. Ne1 Bd7 11. Rc1 b6 12. b4 a5 13. a3 axb4 14. axb4 c5 15. dxc6 Bxc6 16. f3 Ne6 17. Nc2 Bf8 18. Nd5 Nd7 19. Ra1 Bxd5 20. cxd5 Nc7 21. Na3 Qb8 22. Nb5 Rc8 23. Qd2 Rxa1 24. Rxa1 Nxb5 25. Bxb5 Rc7 26. Qa2 Be7 27. Qa8 Rc8 28. Qa7 Nf8 29. Qxe7 Rc3 30. Bh6 Qc8 31. Qf6 1-0

[Event "IBCA Wch blind 13th"]
[Site "Katerini"]
[Date "2014.05.12"]
[Round "7"]
[White "Zabeib, Mohamed"]
[Black "Meshkov, Yuri A"]
[Result "1/2-1/2"]
[WhiteElo "2170"]
[BlackElo "2350"]
[PlyCount "131"]
[EventDate "2014.05.05"]
[EventType "swiss"]
[EventRounds "9"]
[EventCountry "GRE"]
[SourceTitle "CBM 160 Extra"]
[Source "ChessBase"]
[SourceDate "2014.07.01"]
[SourceVersion "1"]
[SourceVersionDate "2014.07.01"]
[SourceQuality "1"]

1. d4 Nf6 2. c4 e6 3. Nc3 Bb4 4. a3 Bxc3+ 5. bxc3 c5 6. e3 b6 7. Bd3 Bb7 8. f3 Nc6 9. Rb1 d6 10. Nh3 e5 11. d5 Na5 12. 0-0 Qd7 13. e4 Ba6 14. f4 Bxc4 15. fxe5 Bxd3 16. Qxd3 dxe5 17. Rf5 Qd6 18. Qg3 0-0 19. Nf2 Nd7 20. Ng4 f6 21. Rh5 g6 22. Nh6+ Kh8 23. Rh3 Qe7 24. Qg4 Nc4 25. Qe6 Rae8 26. Qc6 Nd6 27. c4 Nb8 28. Qa4 Nxe4 29. Qc2 f5 30. Bb2 Nd7 31. Re1 Qg5 32. Bc1 Qf6 33. Rf3 Qg7 34. Ng4 h5 35. Nf2 Nxf2 36. Rxf2 Kh7 37. Bb2 Qf7 38. Qa4 a5 39. Qc6 e4 40. Qd6 Qe7 41. Qf4 g5 42. Qc1 e3 43. Rf3 f4 44. Qc2+ Kh6 45. g3 Qe4 46. Qe2 a4 47. h4 gxh4 48. gxf4 Rxf4 49. Rxe3 Qxe3+ 50. Qxe3 Rxe3 51. Rxe3 Kg6 52. d6 Rxc4 53. Re7 Rc2 54. Bh8 Nb8 55. Rb7 Rd2 56. Rxb8 Rxd6 57. Be5 Rd1+ 58. Kg2 Rb1 59. Bc7 b5 60. Bd6 c4 61. Bb4 Kf5 62. Rxb5+ Kg4 63. Rc5 h3+ 64. Kh2 Rb2+ 65. Kh1 Rc2 66. Rc8 1/2-1/2

[Event "IBCA Wch blind 13th"]
[Site "Katerini"]
[Date "2014.05.09"]
[Round "5"]
[White "Zabeib, Mohamed"]
[Black "Donmez, Unal"]
[Result "1-0"]
[WhiteElo "2170"]
[BlackElo "1905"]
[PlyCount "53"]
[EventDate "2014.05.05"]
[EventType "swiss"]
[EventRounds "9"]
[EventCountry "GRE"]
[SourceTitle "CBM 160 Extra"]
[Source "ChessBase"]
[SourceDate "2014.07.01"]
[SourceVersion "1"]
[SourceVersionDate "2014.07.01"]
[SourceQuality "1"]

1. d4 Nf6 2. c4 g6 3. Nc3 Bg7 4. e4 d6 5. f3 0-0 6. Be3 Nc6 7. Qd2 e5 8. d5 Ne7 9. Bh6 Nh5 10. Bxg7 Kxg7 11. g4 Nf4 12. Nge2 g5 13. h4 h6 14. 0-0-0 Neg6 15. Nxf4 exf4 16. hxg5 hxg5 17. Be2 Bd7 18. Qd4+ Qf6 19. Rh7+ Kxh7 20. Qxf6 Rae8 21. Rh1+ Kg8 22. e5 Rxe5 23. Bd3 Nh4 24. Qh6 f5 25. Qxg5+ Kf7 26. Rxh4 fxg4 27. Rh7+ 1-0

[Event "IBCA Wch blind 13th"]
[Site "Katerini"]
[Date "2014.05.08"]
[Round "4"]
[White "Dobierzin, Olaf"]
[Black "Zabeib, Mohamed"]
[Result "1/2-1/2"]
[WhiteElo "1967"]
[BlackElo "2170"]
[PlyCount "88"]
[EventDate "2014.05.05"]
[EventType "swiss"]
[EventRounds "9"]
[EventCountry "GRE"]
[SourceTitle "CBM 160 Extra"]
[Source "ChessBase"]
[SourceDate "2014.07.01"]
[SourceVersion "1"]
[SourceVersionDate "2014.07.01"]
[SourceQuality "1"]

1. e4 c5 2. Nf3 d6 3. d4 cxd4 4. Nxd4 Nf6 5. Nc3 g6 6. Be2 Bg7 7. Be3 Nc6 8. 0-0 0-0 9. h3 h6 10. Qd2 Kh7 11. Rad1 Bd7 12. f4 Nxd4 13. Bxd4 Bc6 14. Bf3 Ne8 15. Bxg7 Nxg7 16. Qe3 Qa5 17. a3 Qc5 18. Qxc5 dxc5 19. Nd5 Rae8 20. f5 Kh8 21. f6 exf6 22. Nxf6 Rd8 23. Ng4 h5 24. Ne5 Ne6 25. Rxd8 Nxd8 26. Rd1 Kg7 27. Nd7 Bxd7 28. Rxd7 Re8 29. Kf2 Kf6 30. e5+ Kxe5 31. Bxb7 Ke6 32. Bc8 Nc6 33. Rd8+ Ke7 34. Rxe8+ Kxe8 35. Bb7 Ne5 36. Bd5 Ke7 37. Ke3 Kd6 38. c4 h4 39. b4 f5 40. b5 g5 41. a4 Ng6 42. a5 Kc7 43. Be6 Ne7 44. Bd5 Ng6 1/2-1/2

[Event "EGY-ch"]
[Site "Cairo"]
[Date "2013.03.30"]
[Round "5"]
[White "Zabeib, Mohamed"]
[Black "Hesham, Abdelrahman"]
[Result "0-1"]
[WhiteElo "2165"]
[BlackElo "2351"]
[PlyCount "62"]
[EventDate "2013.03.26"]
[EventType "swiss"]
[EventRounds "9"]
[EventCountry "EGY"]
[SourceTitle "CBM 153 Extra"]
[Source "ChessBase"]
[SourceDate "2013.04.22"]
[SourceVersion "1"]
[SourceVersionDate "2013.04.22"]
[SourceQuality "1"]

1. Nf3 Nf6 2. g3 g6 3. Bg2 Bg7 4. 0-0 0-0 5. d3 d5 6. Nbd2 c5 7. e4 Nc6 8. c3 e5 9. Qb3 b6 10. exd5 Na5 11. Qc2 Nxd5 12. Nc4 Nc6 13. Re1 Re8 14. Bg5 f6 15. Nfxe5 Nxe5 16. Rxe5 Rxe5 17. Nxe5 Bb7 18. Qa4 Qc7 19. Qb3 Rd8 20. Bxf6 Bxf6 21. Ng4 Bg7 22. Ne3 Qf7 23. Re1 Nxe3 24. Bxb7 Qxb3 25. axb3 Nd5 26. Ra1 a5 27. Re1 Kf7 28. h4 Rd7 29. Bc6 Rd6 30. Be8+ Kf8 31. h5 Nc7 0-1